000 00672nam a2200169 i 4500
001 47197
003 ES-MaACL
005 20230906161523.0
007 t|
008 030404s1953 sp ||||1| spa d
245 0 0 _aConvenio internacional para la unificación de ciertas reglas relativas al embargo preventivo de buques de navegación marítima, Bruselas, 10 de mayo de 1952.
260 _aMadrid :
_b[s.n.],
_c1953.
300 _a12 p. ;
_c23 cm.
500 _aPrecede al tít.: Ministerio de Asuntos Exteriores. Registro de tratados.
710 1 _aEspaña.
_bMinisterio de Asuntos Exteriores.
_bRegistro de Tratados.
_9168910
852 _aES-MaACL
_j1959-F-15
_bR.35933
999 _c47197
_d47197